000 01266cam a22002415a 4500
001 L145658
008 081014s2008 xxkad f s 000 0 eng d
035 _a(Sirsi) u145658
041 0 _aeng
050 0 4 _a338.4369094 $2 18
111 2 _aEuroconstruct Conference
_n(65th:
_cRome
_d13 June 2008)
245 0 0 _aEuropean construction market trends to 2010
_bcountry report, 65th Euroconstruct Conference, Rome, 13 June 2008
260 _aRome
_bCRESME Ricerche Spa
_ac2008
300 _a455 p.
_bill.
_c30cm.
505 2 _aThe Euroconstruct network -- Austria -- Belgium -- Czech Republic -- Denmark -- Finland -- France -- Germany -- Hungary --Ireland -- Italy -- Netherlands -- Norway -- Poland -- Portugal -- Slovakia -- Spain -- Sweden -- Switzerland -- United Kingdom
520 _aSee L145486
520 _aPapers of the Euroconstruct Conference 2008. Cover an outlook of the European construction sector in Europe and forecasts market trends until 2010. Presents for each country a brief summary of the paper and a macroeconomic outlook. Details a list of the appendices per country. Statistics.
521 _aAdvanced
650 2 4 _aEUROCONSTRUCT CONFERENCE
651 4 _aEurope
690 _aBUILT ENVIRONMENT-CONSTRUCTION MARKET
942 _n0
999 _c108841
_d108841